00633nam a22001577a 4500003000400000008004100004020001800045100002800063245013600091260003700227300001000264650002500274942001200299999001700311952014700328OSt250212b |||||||| |||| 00| 0 eng d a9788197818479 aCHAUDHARY, Richa et al. aSmart Ecosystems: Integrating Game Theory, soft Computing, IOT and Social Networking Data Mining for intelligence Decision Making  aNew Delhi,bNaples India:c2024. a312p. aFaculty Publication  2ddccBK c13120d13120 00102ddc40708Faculty PublicationaPIETbPIETd2025-02-13eNaples IndiafINRg850.00l0p38650r2025-02-13 00:00:00v850.00w2025-02-04yBK